Missing Word: Shared Word TV & Monopoly Quiz Stats

 Plays Quiz Updated Feb 28, 2014

     
Support Sporcle.
Go Orange.
Score 0/16 Timer 02:00
3 Plays Today
TV Show Missing Word % Correct
Three's _________Company
94.7%
____ GirlNew
94.3%
_____ Shoot MeJust
94%
Melrose ______Place
93.4%
666 Park ________Avenue
91.2%
Whose _____ Is It Anyway?Line
89.8%
The Legend of Jesse _______James
83.3%
_______ of 60North
82.6%
TV Show Missing Word % Correct
_______ in ChargeCharles
82.2%
^How the Universe ______Works
76.4%
________ RainbowReading
75%
United _______ of TaraStates
70.6%
*Grey _________Gardens
66.5%
________ WarsParking
66.4%
__________ EmpireBoardwalk
60.1%
Eerie, ________Indiana
33.6%

Today's Daily Dose

From the Vault

5 in 15: Colors

by Doctor_Arzt

We most certainly do not advise scribbling in colored pencils on your screen.
Remove Ads.
Support Sporcle.
Get the best of Sporcle when you Go Orange. This ad-free experience offers more features, more stats, and more fun while also helping to support Sporcle. Thank you for becoming a member.

Show Comments

Extras

Top Quizzes Today


Score Distribution

Your Account Isn't Verified!

In order to create a playlist on Sporcle, you need to verify the email address you used during registration. Go to your Sporcle Settings to finish the process.

Report this User

Report this user for behavior that violates our Community Guidelines.

Details: